[Event "ch-Frankfurt A"]
[Site "Frankfurt"]
[Date "2023.05.22"]
[Round "4"]
[White "Bischoff, Ulrich"]
[Black "Raumanns, Niklas"]
[Result "1-0"]
[WhiteElo "1964"]
[BlackElo "1729"]
[PlyCount "55"]
[EventDate "2023.04.24"]
[EventType "swiss"]
[EventCountry "GER"]

1. d4 Nf6 2. Nf3 g6 3. c4 Bg7 4. g3 O-O 5. Bg2 c6 6. O-O d5 7. Nc3 dxc4 8. Ne5 Be6 9. e4 Nbd7 10. Qe2 Nxe5 11. dxe5 Nd7 12. f4 Nb6 13. a4 a5 14. Be3 Qc7 15. Qf2 Nd7 16. Rae1 f6 17. exf6 Nxf6 18. Bb6 Qc8 19. Rd1 Bh3 20. Qc5 Bxg2 21. Qxc4+ Kh8 22. Kxg2 Nd7 23. Be3 e5 24. Qe6 exf4 25. Rxd7 fxe3 26. Qe7 Qxd7 27. Qxd7 Rxf1 28. Kxf1 1-0

[Event "ch-Frankfurt A"]
[Site "Frankfurt"]
[Date "2023.05.22"]
[Round "4"]
[White "Boscher, Hans"]
[Black "Grinberg, Igor"]
[Result "1/2-1/2"]
[WhiteElo "1648"]
[BlackElo "1428"]
[PlyCount "31"]
[EventDate "2023.04.24"]
[EventType "swiss"]
[EventCountry "GER"]

1. e4 c6 2. d4 d5 3. e5 Bf5 4. Nf3 e6 5. Be2 Nd7 6. O-O Ne7 7. Be3 c5 8. c3 Nc6 9. Nbd2 Qb6 10. Qb3 Be7 11. Qxb6 axb6 12. a3 c4 13. Bg5 Bxg5 14. Nxg5 h6 15. Ngf3 b5 16. b4 1/2-1/2

[Event "ch-Frankfurt A"]
[Site "Frankfurt"]
[Date "2023.05.22"]
[Round "4"]
[White "Diehl, Stefan"]
[Black "Calvi, Stefan"]
[Result "0-1"]
[WhiteElo "1784"]
[BlackElo "1947"]
[PlyCount "106"]
[EventDate "2023.04.24"]
[EventType "swiss"]
[EventCountry "GER"]

1. f4 Nf6 2. Nf3 c5 3. e3 g6 4. g3 Bg7 5. Bg2 Nc6 6. c3 O-O 7. O-O d5 8. Na3 Rb8 9. d4 c4 10. Ne5 Bf5 11. b3 cxb3 12. axb3 Be4 13. Bd2 Bxg2 14. Kxg2 Ne4 15. c4 Nxe5 16. fxe5 f6 17. exf6 exf6 18. Nb5 a6 19. Nc3 Nxc3 20. Bxc3 Qe7 21. Qd3 Rfe8 22. Rfe1 Rbc8 23. Bd2 f5 24. Ra5 dxc4 25. bxc4 h5 26. c5 h4 27. Ra2 Qf7 28. Rc2 Qd5+ 29. Kh3 g5 30. e4 g4+ 31. Kg2 h3+ 32. Kf1 fxe4 33. Qc4 Qxc4+ 34. Rxc4 Rcd8 35. Be3 Rd5 36. Ke2 Red8 37. Rd1 Kh7 38. Rb4 R8d7 39. Bf2 Kg6 40. Ke3 Rxc5 41. Kxe4 Rc2 42. Rb6+ Kh7 43. Bg1 Bh6 44. Kf5 a5 45. Kxg4 a4 46. Rdb1 a3 47. Rxb7 Rxb7 48. Rxb7+ Kg8 49. Ra7 a2 50. Kxh3 Bd2 51. d5 Bc3 52. d6 a1=Q 53. d7 Qf1+ 0-1

[Event "ch-Frankfurt A"]
[Site "Frankfurt"]
[Date "2023.05.22"]
[Round "4"]
[White "Dittenberger, Thomas"]
[Black "Enneking, Hermann"]
[Result "1-0"]
[WhiteElo "2010"]
[BlackElo "1757"]
[PlyCount "119"]
[EventDate "2023.04.24"]
[EventType "swiss"]
[EventCountry "GER"]

1. e4 d6 2. d4 g6 3. Nc3 Bg7 4. Be3 a6 5. a4 Nd7 6. Bc4 e6 7. Qd2 b6 8. f3 Bb7 9. Nge2 Bh6 10. h4 Bxe3 11. Qxe3 h5 12. Nf4 Qf6 13. Nd3 Ne7 14. O-O-O O-O-O 15. Nb4 Nb8 16. d5 Rhe8 17. Qd3 a5 18. Na6 Nd7 19. Bb5 exd5 20. Nxd5 Nxd5 21. exd5 Qf4+ 22. Kb1 Re3 23. Qd4 Qe5 24. Qc4 Nc5 25. Nxc5 dxc5 26. d6 cxd6 27. Qxf7 Qe6 28. Qxe6+ Rxe6 29. Rde1 Rf6 30. Re7 d5 31. Rhe1 Bc6 32. R1e6 Rd6 33. Rxd6 Rxd6 34. Bxc6 Rxc6 35. Rh7 Kd8 36. g4 hxg4 37. fxg4 Ke8 38. h5 gxh5 39. gxh5 Kf8 40. c3 Rd6 41. Rb7 Ke8 42. Kc2 Rh6 43. Rg7 c4 44. Rg6 Rxh5 45. Rxb6 Kd7 46. Ra6 Rh2+ 47. Kb1 Kc7 48. Rxa5 Kc6 49. Rb5 Rg2 50. Ka2 Rg1 51. Rb8 Rg7 52. Ka3 Rg1 53. Rc8+ Kb7 54. Rc5 Rg5 55. Kb4 Ka6 56. a5 Rh5 57. Rc6+ Kb7 58. Rd6 Rg5 59. Kc5 d4+ 60. Kxd4 1-0

[Event "ch-Frankfurt A"]
[Site "Frankfurt"]
[Date "2023.05.22"]
[Round "4"]
[White "Engel, Manfred"]
[Black "Philipp, Nils"]
[Result "1/2-1/2"]
[WhiteElo "2234"]
[BlackElo "1885"]
[PlyCount "49"]
[EventDate "2023.04.24"]
[EventType "swiss"]
[EventCountry "GER"]

1. e4 c5 2. Nf3 Nc6 3. d4 cxd4 4. Nxd4 g6 5. c4 Bg7 6. Be3 Nf6 7. Nc3 d6 8. Be2 O-O 9. O-O Bd7 10. Qd2 Nxd4 11. Bxd4 Bc6 12. f3 a5 13. Nd5 Bxd5 14. cxd5 Nd7 15. Bxg7 Kxg7 16. Qd4+ Kg8 17. b4 axb4 18. Qxb4 Nc5 19. a4 Qa5 20. Rfb1 Qxb4 21. Rxb4 g5 22. Kf2 f5 23. Ke3 fxe4 24. fxe4 Kg7 25. Bg4 1/2-1/2

[Event "ch-Frankfurt A"]
[Site "Frankfurt"]
[Date "2023.05.22"]
[Round "4"]
[White "Erdmann, Stefan"]
[Black "Vihan, Shourya"]
[Result "1/2-1/2"]
[WhiteElo "2127"]
[BlackElo "1907"]
[PlyCount "56"]
[EventDate "2023.04.24"]
[EventType "swiss"]
[EventCountry "GER"]

1. d4 d5 2. c4 e6 3. Nf3 Nf6 4. g3 Be7 5. Bg2 O-O 6. O-O dxc4 7. Qc2 a6 8. Qxc4 b5 9. Qc2 Bb7 10. Bd2 Bd6 11. a3 Qe7 12. Bg5 Nbd7 13. Nc3 c5 14. Rad1 h6 15. dxc5 Bxc5 16. Bf4 b4 17. axb4 Bxb4 18. Qb3 a5 19. Ne5 Bxg2 20. Kxg2 Nxe5 21. Bxe5 Ng4 22. Bf4 Rfd8 23. h3 Nf6 24. Be5 Bxc3 25. Rxd8+ Qxd8 26. Qxc3 Ne4 27. Qd4 Qxd4 28. Bxd4 a4 1/2-1/2

[Event "ch-Frankfurt A"]
[Site "Frankfurt"]
[Date "2023.05.22"]
[Round "4"]
[White "Hedrich, Gerd"]
[Black "Bittner, Peter"]
[Result "0-1"]
[WhiteElo "1335"]
[BlackElo "1852"]
[PlyCount "58"]
[EventDate "2023.04.24"]
[EventType "swiss"]
[EventCountry "GER"]

1. Nf3 c5 2. e4 d6 3. c3 Nc6 4. Bc4 Nf6 5. d3 e6 6. Bg5 Be7 7. O-O O-O 8. a3 d5 9. exd5 exd5 10. Ba2 Be6 11. Re1 Qc7 12. h3 Rad8 13. Qc1 c4 14. Bf4 Bd6 15. Bxd6 Qxd6 16. d4 Nh5 17. Qg5 Nf4 18. Ne5 Ng6 19. Qg3 Ncxe5 20. dxe5 Qb6 21. Re2 f6 22. exf6 Rxf6 23. Qe3 Nf4 24. Kf1 Nxe2 25. Qxb6 Ng3+ 26. Kg1 axb6 27. fxg3 Rdf8 28. Nd2 Rf2 29. Rd1 Re2 0-1

[Event "ch-Frankfurt A"]
[Site "Frankfurt"]
[Date "2023.05.22"]
[Round "4"]
[White "Held, Bernhard"]
[Black "Uwira, Oliver"]
[Result "0-1"]
[WhiteElo "1856"]
[BlackElo "2166"]
[PlyCount "50"]
[EventDate "2023.04.24"]
[EventType "swiss"]
[EventCountry "GER"]

1. e4 c5 2. a3 g6 3. h4 h5 4. Bc4 Nc6 5. Nf3 Bg7 6. Nc3 d6 7. d3 Bg4 8. Be3 e6 9. Qd2 Bxf3 10. gxf3 Nge7 11. Rh3 d5 12. exd5 exd5 13. Nxd5 Nxd5 14. Bxc5 Qd7 15. Qg5 Nde7 16. Rg3 b6 17. Bxe7 Qxe7+ 18. Kf1 Qxg5 19. Rxg5 Bxb2 20. Re1+ Kf8 21. a4 Kg7 22. Kg2 Bf6 23. Rd5 Rad8 24. Kg3 Nd4 25. Re4 Nxc2 0-1

[Event "ch-Frankfurt A"]
[Site "Frankfurt"]
[Date "2023.05.22"]
[Round "4"]
[White "Kaliski, Erwin"]
[Black "Teschler, Ulrich"]
[Result "1-0"]
[WhiteElo "2203"]
[BlackElo "1966"]
[PlyCount "43"]
[EventDate "2023.04.24"]
[EventType "swiss"]
[EventCountry "GER"]

1. e4 e6 2. d4 d5 3. Nd2 Be7 4. Bd3 Nf6 5. e5 Nfd7 6. f4 c5 7. c3 Nc6 8. Ndf3 Qb6 9. Ne2 cxd4 10. Nexd4 Nxd4 11. cxd4 f6 12. Qe2 O-O 13. O-O fxe5 14. fxe5 Rxf3 15. Qxf3 Nxe5 16. Bxh7+ Kxh7 17. Qh5+ Kg8 18. Qxe5 Bd6 19. Qh5 Qxd4+ 20. Kh1 Qe5 21. Qf7+ Kh7 22. Bf4 1-0

[Event "ch-Frankfurt A"]
[Site "Frankfurt"]
[Date "2023.05.22"]
[Round "4"]
[White "Klikic, Drazen"]
[Black "Klamser, Dietmar"]
[Result "0-1"]
[WhiteElo "1499"]
[BlackElo "1733"]
[PlyCount "62"]
[EventDate "2023.04.24"]
[EventType "swiss"]
[EventCountry "GER"]

1. e4 d5 2. exd5 Qxd5 3. Nc3 Qd8 4. d4 Nf6 5. Nf3 c6 6. Bg5 Bg4 7. h3 Bxf3 8. gxf3 Nbd7 9. Bc4 e6 10. Qd2 Qc7 11. O-O-O O-O-O 12. Ne4 Nb6 13. Bb3 Be7 14. Bf4 Qd7 15. Qc3 Nfd5 16. Qd2 Nxf4 17. Qxf4 Rhf8 18. Nc5 Bxc5 19. dxc5 Nd5 20. Qa4 Qc7 21. Bxd5 exd5 22. Rhg1 g6 23. Qxa7 Qf4+ 24. Rd2 Rfe8 25. Qa8+ Kc7 26. Qa5+ Kb8 27. Kd1 Qxf3+ 28. Kc1 Qf4 29. Kd1 Rd7 30. Rg4 Qf3+ 31. Kc1 Re1+ 0-1

[Event "ch-Frankfurt A"]
[Site "Frankfurt"]
[Date "2023.05.22"]
[Round "4"]
[White "Klingler, Stefan"]
[Black "Adair, Robin"]
[Result "1-0"]
[WhiteElo "1578"]
[BlackElo "2022"]
[PlyCount "57"]
[EventDate "2023.04.24"]
[EventType "swiss"]
[EventCountry "GER"]

1. d4 Nf6 2. Bf4 g6 3. Nf3 Bg7 4. Nc3 O-O 5. Qd2 c5 6. Bh6 cxd4 7. Nxd4 Qb6 8. Bxg7 Kxg7 9. O-O-O d5 10. h4 h5 11. f3 e5 12. Nb3 d4 13. Na4 Qc6 14. Nac5 Nd5 15. Ne4 Qa4 16. g4 hxg4 17. fxg4 Ne3 18. h5 Qc6 19. Ng3 Be6 20. Nxd4 Nxf1 21. Rdxf1 exd4 22. hxg6 Qxh1 23. Rxh1 Kf6 24. Qxd4+ Ke7 25. Qc5+ Ke8 26. g7 Rg8 27. Rh8 f6 28. Rxg8+ Bxg8 29. Qf8+ 1-0

[Event "ch-Frankfurt A"]
[Site "Frankfurt"]
[Date "2023.05.22"]
[Round "4"]
[White "Lee, Kwan Ho Matthew"]
[Black "Gutacker, Stephan"]
[Result "0-1"]
[WhiteElo "1597"]
[BlackElo "1886"]
[PlyCount "100"]
[EventDate "2023.04.24"]
[EventType "swiss"]
[EventCountry "GER"]

1. d4 Nf6 2. Nf3 d5 3. g3 e6 4. Bg2 Bd6 5. O-O O-O 6. c4 c6 7. Nc3 b6 8. cxd5 exd5 9. Bg5 Be7 10. Rc1 Bb7 11. Re1 Nbd7 12. e3 Re8 13. Qc2 Rc8 14. Qb1 a6 15. b4 Ne4 16. Nxe4 dxe4 17. Bxe7 Qxe7 18. Nd2 f5 19. Qb3+ Qe6 20. Rc3 Qxb3 21. Rxb3 b5 22. Rc3 Nb6 23. Nb3 Nd5 24. Rc5 Nxb4 25. Rxf5 Nxa2 26. Nc5 Rb8 27. Bxe4 Nc3 28. Nxb7 Nxe4 29. Na5 Rec8 30. f3 Nd6 31. Rc5 Nb7 32. Nxb7 Rxb7 33. Rec1 b4 34. Rb1 Kf7 35. Ra5 Rb6 36. Rb3 Ke6 37. Kf2 Kd6 38. Ra4 c5 39. dxc5+ Kxc5 40. Ke2 Rd8 41. Ra2 Kb5 42. e4 a5 43. Rab2 Kc4 44. e5 a4 45. Re3 b3 46. e6 Re8 47. Kd2 Rbxe6 48. Rc3+ Kb4 49. Rc7 Re2+ 50. Kc1 Re1+ 0-1

[Event "ch-Frankfurt A"]
[Site "Frankfurt"]
[Date "2023.05.22"]
[Round "4"]
[White "Leitzig, Reamonn Franky James"]
[Black "Burkart, Lloyd Shang"]
[Result "1/2-1/2"]
[WhiteElo "1468"]
[BlackElo "1890"]
[PlyCount "57"]
[EventDate "2023.04.24"]
[EventType "swiss"]
[EventCountry "GER"]

1. c4 Nf6 2. Nc3 e6 3. e4 d5 4. e5 d4 5. exf6 dxc3 6. bxc3 Qxf6 7. d4 b6 8. Nf3 Bb7 9. Be2 h6 10. Be3 Bd6 11. Rb1 O-O 12. O-O Nd7 13. Qd3 e5 14. Nd2 Rfe8 15. Ne4 Bxe4 16. Qxe4 exd4 17. Qxd4 Rad8 18. Qxf6 Nxf6 19. Bf3 Be5 20. Rb3 g5 21. c5 Nd5 22. Bxd5 Rxd5 23. c4 Rd7 24. cxb6 axb6 25. c5 bxc5 26. Bxc5 Ra8 27. a3 Bd6 28. Bxd6 Rxd6 29. Rc1 1/2-1/2

[Event "ch-Frankfurt A"]
[Site "Frankfurt"]
[Date "2023.05.22"]
[Round "4"]
[White "Lenhard, Martin"]
[Black "Schmidt, Markus"]
[Result "1/2-1/2"]
[WhiteElo "2060"]
[BlackElo "2120"]
[PlyCount "55"]
[EventDate "2023.04.24"]
[EventType "swiss"]
[EventCountry "GER"]

1. e4 c6 2. d4 d5 3. f3 dxe4 4. fxe4 Qb6 5. Bc4 Nf6 6. Nc3 Bg4 7. Nf3 e6 8. e5 Nd5 9. O-O Nd7 10. Kh1 O-O-O 11. Bxd5 cxd5 12. Na4 Qa6 13. b3 f6 14. Qe1 Kb8 15. exf6 gxf6 16. Be3 Rg8 17. Nb2 e5 18. c4 Ba3 19. Qc3 Bxb2 20. Qxb2 dxc4 21. dxe5 Bxf3 22. Rxf3 Nxe5 23. Bf4 Rge8 24. bxc4 Qxc4 25. Bg3 Ka8 26. Rxf6 Nd3 27. Qb3 Qd4 28. Raf1 1/2-1/2

[Event "ch-Frankfurt A"]
[Site "Frankfurt"]
[Date "2023.05.22"]
[Round "4"]
[White "Martin, Reiner"]
[Black "Diehl, Felix"]
[Result "0-1"]
[WhiteElo "1981"]
[BlackElo "1780"]
[PlyCount "82"]
[EventDate "2023.04.24"]
[EventType "swiss"]
[EventCountry "GER"]

1. d4 d5 2. c4 c6 3. Nc3 Nf6 4. e3 dxc4 5. Bxc4 Bf5 6. Qb3 e6 7. Qxb7 Nbd7 8. Qxc6 Be7 9. Nge2 O-O 10. O-O Rc8 11. Qa6 Qc7 12. Bb5 e5 13. Ng3 Be6 14. Rd1 exd4 15. exd4 Nb6 16. Nce2 Nfd5 17. a3 Qb8 18. Bd3 Rc6 19. Be4 Rfc8 20. Qd3 h6 21. Qf3 Rc4 22. Bd3 R4c6 23. Nf5 Bf8 24. Nf4 Qc7 25. Nxe6 Rxe6 26. Bd2 Rce8 27. Rac1 Qd7 28. Nh4 Qd6 29. Qf5 g6 30. Qf3 Bg7 31. Bb5 R8e7 32. Ba5 Re4 33. g3 Bxd4 34. Bd3 R4e6 35. Rc2 Qe5 36. b3 Ne3 37. fxe3 Bxe3+ 38. Kg2 Qxa5 39. a4 Bg5 40. Qg4 Nd5 41. Rc8+ Kh7 0-1

[Event "ch-Frankfurt A"]
[Site "Frankfurt"]
[Date "2023.05.22"]
[Round "4"]
[White "Mayer, Frank"]
[Black "Ghaznavi, Massoud"]
[Result "1-0"]
[WhiteElo "2111"]
[BlackElo "1563"]
[PlyCount "63"]
[EventDate "2023.04.24"]
[EventType "swiss"]
[EventCountry "GER"]

1. e4 e5 2. Nc3 Nf6 3. d4 Bb4 4. Bg5 h6 5. Bxf6 Qxf6 6. a3 exd4 7. axb4 dxc3 8. b3 Nc6 9. b5 Ne5 10. Be2 d6 11. Nf3 Bg4 12. Nd4 Bd7 13. O-O O-O 14. f4 Ng6 15. g3 c5 16. Nf3 Bh3 17. Rf2 b6 18. Bc4 Qe7 19. Bd5 Rac8 20. Qd3 Bg4 21. Qxc3 Be6 22. Bc6 Bd7 23. Rxa7 Rfd8 24. f5 Ne5 25. Nxe5 dxe5 26. Rd2 Qg5 27. Raxd7 Rxd7 28. Rxd7 f6 29. Qd2 Qh5 30. Bd5+ Kh8 31. Bf7 g6 32. Rd8+ 1-0

[Event "ch-Frankfurt A"]
[Site "Frankfurt"]
[Date "2023.05.22"]
[Round "4"]
[White "Mueller, Jens"]
[Black "Casagrande, Thomas"]
[Result "0-1"]
[WhiteElo "1413"]
[BlackElo "2015"]
[PlyCount "46"]
[EventDate "2023.04.24"]
[EventType "swiss"]
[EventCountry "GER"]

1. e4 c6 2. Nc3 d5 3. Nf3 dxe4 4. Nxe4 Nf6 5. Qe2 Bf5 6. Nxf6+ gxf6 7. d4 Nd7 8. Bf4 e6 9. O-O-O Qa5 10. Kb1 h5 11. Qe3 Nb6 12. Qb3 O-O-O 13. Bd2 Qd5 14. Be2 Be7 15. Bf4 Qxb3 16. axb3 Nd5 17. Bg3 Nb4 18. Rd2 Bf8 19. Bf4 Nd5 20. Be3 Nxe3 21. fxe3 Bh6 22. Rdd1 Bxe3 23. Rhf1 Be4 0-1

[Event "ch-Frankfurt A"]
[Site "Frankfurt"]
[Date "2023.05.22"]
[Round "4"]
[White "Neukirchner, Pascal"]
[Black "Reschke, Thomas"]
[Result "1-0"]
[WhiteElo "2300"]
[BlackElo "2129"]
[PlyCount "45"]
[EventDate "2023.04.24"]
[EventType "swiss"]
[EventCountry "GER"]

1. Nf3 g6 2. e4 Bg7 3. d4 c6 4. Bd3 d5 5. e5 f6 6. O-O Nh6 7. exf6 exf6 8. Re1+ Kf7 9. c4 Re8 10. Rxe8 Qxe8 11. Qb3 dxc4 12. Bxc4+ Kf8 13. Bf4 Qe7 14. Nc3 b5 15. Bxb5 Be6 16. Bc4 Bxc4 17. Qxc4 Nf7 18. Re1 Qd8 19. Ne4 a5 20. Qe6 Qd5 21. Qe8+ Kxe8 22. Nxf6+ Kd8 23. Re8# 1-0

[Event "ch-Frankfurt A"]
[Site "Frankfurt"]
[Date "2023.05.22"]
[Round "4"]
[White "Nickel, Jonas"]
[Black "Hochmuth, Christian"]
[Result "0-1"]
[WhiteElo "1797"]
[BlackElo "2002"]
[PlyCount "44"]
[EventDate "2023.04.24"]
[EventType "swiss"]
[EventCountry "GER"]

1. e4 c6 2. d4 d5 3. e5 Bf5 4. h4 h5 5. Bd3 Bxd3 6. Qxd3 Qa5+ 7. Nd2 e6 8. Ngf3 Nh6 9. O-O Nf5 10. c4 Qa6 11. b3 Be7 12. g3 O-O 13. Rd1 c5 14. dxc5 Bxc5 15. Kg2 Nc6 16. Bb2 Rfd8 17. Qb1 Bxf2 18. cxd5 Rxd5 19. Ne4 Rxd1 20. Qxd1 Ne3+ 21. Kxf2 Nxd1+ 22. Rxd1 Qxa2 0-1

[Event "ch-Frankfurt A"]
[Site "Frankfurt"]
[Date "2023.05.22"]
[Round "4"]
[White "Pfeiffer, Florian"]
[Black "Sonntag, Chris"]
[Result "1-0"]
[WhiteElo "1791"]
[BlackElo "1142"]
[PlyCount "89"]
[EventDate "2023.04.24"]
[EventType "swiss"]
[EventCountry "GER"]

1. d4 Nf6 2. c4 g6 3. Nf3 Bg7 4. Nc3 O-O 5. e4 d6 6. Bf4 Nbd7 7. Be2 c5 8. d5 Nb6 9. h3 Nh5 10. Bd2 e5 11. dxe6 fxe6 12. O-O Nf4 13. Bxf4 Rxf4 14. Qd2 e5 15. Rad1 Be6 16. b3 Bf8 17. Nxe5 Qf6 18. Ng4 Bxg4 19. Bxg4 Bg7 20. Nd5 Nxd5 21. Qxd5+ Kh8 22. g3 Rxg4 23. hxg4 Qf3 24. Qxd6 Qxg4 25. Rfe1 h5 26. Qxc5 h4 27. Qe3 Rf8 28. Rd3 Kh7 29. f4 Bh6 30. Qf3 Rxf4 31. Qxg4 Rxg4 32. Kg2 Bf4 33. Kh3 Rxg3+ 34. Rxg3 Bxg3 35. Rg1 Kg7 36. Rd1 Kf6 37. Rd7 Ke5 38. Rxb7 Kxe4 39. Rxa7 g5 40. c5 Kf3 41. Rf7+ Bf4 42. c6 g4+ 43. Kxh4 g3 44. Kh3 g2 45. Rxf4+ 1-0

[Event "ch-Frankfurt A"]
[Site "Frankfurt"]
[Date "2023.05.22"]
[Round "4"]
[White "Rabiya, Karim"]
[Black "Rutsatz, Mario"]
[Result "0-1"]
[WhiteElo "1764"]
[BlackElo "1912"]
[PlyCount "76"]
[EventDate "2023.04.24"]
[EventType "swiss"]
[EventCountry "GER"]

1. e4 e6 2. d4 d5 3. e5 c5 4. c3 Nc6 5. Nf3 Qb6 6. Bd3 Bd7 7. dxc5 Bxc5 8. O-O a5 9. Nbd2 Qc7 10. Re1 Nge7 11. Nb3 Ba7 12. h4 O-O 13. Bxh7+ Kh8 14. Ng5 g6 15. Qf3 Nf5 16. g4 Nxe5 17. Rxe5 Qxe5 18. Bf4 Qg7 19. gxf5 gxf5 20. Qh5 f6 21. Bxf5+ Kg8 22. Bh7+ Kh8 23. Bg6+ Kg8 24. Nf7 Rxf7 25. Bh6 Be8 26. Bxg7 Rxg7 27. Qe2 Bxg6 28. Kf1 Bf5 29. Qf3 Kf7 30. Ke1 a4 31. Nd2 Rh8 32. Nf1 Rxh4 33. Ng3 Be4 34. Qe2 Rxg3 35. fxg3 Rh1+ 36. Qf1 Rxf1+ 37. Kxf1 d4 38. Ke2 a3 0-1

[Event "ch-Frankfurt A"]
[Site "Frankfurt"]
[Date "2023.05.22"]
[Round "4"]
[White "Rauscher, Joachim"]
[Black "Schulze, Manfred"]
[Result "0-1"]
[WhiteElo "1750"]
[BlackElo "1887"]
[PlyCount "60"]
[EventDate "2023.04.24"]
[EventType "swiss"]
[EventCountry "GER"]

1. e4 e5 2. Nf3 Nf6 3. Nxe5 d6 4. Nf3 Nxe4 5. Nc3 d5 6. Bd3 Nc5 7. Qe2+ Be6 8. Bf5 Be7 9. Bxe6 Nxe6 10. d4 c6 11. O-O Nd7 12. Be3 Qc7 13. Rad1 O-O 14. Rfe1 Bb4 15. Qd3 Nf6 16. Bd2 Rfe8 17. h3 Bxc3 18. bxc3 Ne4 19. Ne5 f6 20. Ng4 h5 21. Nh2 Nxf2 22. Kxf2 Qxh2 23. Qf5 Ng5 24. Bf4 Nxh3+ 25. Qxh3 Qxf4+ 26. Kg1 Qg4 27. Qd3 Re4 28. Rxe4 Qxe4 29. Qh3 Qg4 30. Qd3 Re8 0-1

[Event "ch-Frankfurt A"]
[Site "Frankfurt"]
[Date "2023.05.22"]
[Round "4"]
[White "Rohatgi, Kushagra"]
[Black "Lopez Fuertes, Victor"]
[Result "0-1"]
[WhiteElo "1664"]
[BlackElo "1660"]
[PlyCount "166"]
[EventDate "2023.04.24"]
[EventType "swiss"]
[EventCountry "GER"]

1. e4 b6 2. d4 Bb7 3. Bd3 e6 4. Nc3 d6 5. Nf3 Nd7 6. Bf4 g6 7. Bg5 Be7 8. h4 h6 9. Be3 Ngf6 10. Qd2 Bf8 11. Bf4 Bg7 12. O-O-O a6 13. Rhe1 Ng4 14. Qe2 Qf6 15. Bg3 e5 16. dxe5 Ngxe5 17. Nxe5 Nxe5 18. f4 Nxd3+ 19. Qxd3 O-O 20. e5 dxe5 21. fxe5 Qe6 22. Rd2 Rfd8 23. Qe3 Rxd2 24. Qxd2 Re8 25. Bf4 Qf5 26. g3 Kh7 27. Qd4 f6 28. Qc4 Re7 29. e6 Bc8 30. Bxc7 b5 31. Qc6 Rxe6 32. Rxe6 Qxe6 33. Qf3 f5 34. h5 g5 35. Qd3 Bb7 36. g4 Qe1+ 37. Nd1 Be4 38. Qd7 Qe2 39. Qd2 Qxg4 40. Nf2 Qg1+ 41. Nd1 Bf3 42. Qd3 Qxd1+ 43. Qxd1 Bxd1 44. Kxd1 Bxb2 45. Ke2 Kg7 46. Kf3 Kf6 47. Bd6 Ke6 48. Bf8 Bc1 49. Kg3 g4 50. Bc5 Ke5 51. Be7 Ke4 52. Bf8 f4+ 53. Kxg4 f3 54. Kg3 Be3 55. Bg7 f2 56. Kg2 Kf5 57. Bf8 Kg4 58. Bd6 Kxh5 59. Bg3 Kg4 60. Bxf2 Bxf2 61. Kxf2 Kf4 62. Kg2 Ke3 63. Kg3 Kd2 64. Kg4 Kxc2 65. Kh5 Kb2 66. Kxh6 Kxa2 67. Kg5 b4 68. Kf4 b3 69. Ke3 b2 70. Kd3 b1=Q+ 71. Ke3 Qb4 72. Kf3 Qd4 73. Kg3 Qe4 74. Kf2 Qd3 75. Kg2 Qe3 76. Kf1 Qd2 77. Kg1 Qe2 78. Kh1 Kb3 79. Kg1 Kc3 80. Kh1 Kd3 81. Kg1 Ke3 82. Kh1 Kf3 83. Kg1 Qg2# 0-1

[Event "ch-Frankfurt A"]
[Site "Frankfurt"]
[Date "2023.05.22"]
[Round "4"]
[White "Rondonuwu, Grover"]
[Black "Froehlich Dill, Astrid"]
[Result "0-1"]
[WhiteElo "2047"]
[BlackElo "1768"]
[PlyCount "114"]
[EventDate "2023.04.24"]
[EventType "swiss"]
[EventCountry "GER"]

1. d4 Nf6 2. Bg5 e6 3. Nd2 d5 4. e3 b6 5. c3 Be7 6. Bd3 h6 7. Bxf6 Bxf6 8. f4 Bb7 9. Ngf3 Nd7 10. h4 c5 11. Qe2 Qc7 12. Ne5 Nxe5 13. fxe5 Be7 14. Bb5+ Bc6 15. a4 c4 16. Bxc6+ Qxc6 17. g3 a5 18. O-O O-O 19. e4 Rac8 20. exd5 exd5 21. Rf5 Qg6 22. Qf3 Bxh4 23. Nf1 Bg5 24. g4 Qe6 25. Rxg5 hxg5 26. Ne3 Rcd8 27. Rf1 f6 28. exf6 Rxf6 29. Nf5 Re8 30. Rf2 Qe1+ 31. Kh2 Qe4 32. Qg3 Ree6 33. Kg1 Qe1+ 34. Kg2 Re2 35. Rxe2 Qxe2+ 36. Kg1 Qe4 37. Qb8+ Kh7 38. Qh2+ Kg8 39. Qb8+ Rf8 40. Qg3 Re8 41. Qg2 Qe1+ 42. Qf1 Qxf1+ 43. Kxf1 Re6 44. Kf2 Kf7 45. Ne3 Rd6 46. Nf5 Rd7 47. Ne3 g6 48. Ng2 Ke6 49. Ne1 Rh7 50. Nf3 Kf6 51. Kg2 Re7 52. Kf2 Re4 53. Ne5 Ke6 54. Kf3 Re1 55. Nxg6 Rb1 56. Ke3 Rxb2 57. Ne5 b5 0-1

[Event "ch-Frankfurt A"]
[Site "Frankfurt"]
[Date "2023.05.22"]
[Round "4"]
[White "Sasikumar Anitha, Sarvesh"]
[Black "Pham Tran, Phuong Bao"]
[Result "0-1"]
[WhiteElo "1424"]
[BlackElo "1826"]
[PlyCount "164"]
[EventDate "2023.04.24"]
[EventType "swiss"]
[EventCountry "GER"]

1. e4 c5 2. Nf3 Nc6 3. d4 cxd4 4. Nxd4 g6 5. c4 Nf6 6. Nc3 d6 7. Be3 Ng4 8. Nxc6 bxc6 9. Bf4 Qb6 10. Qc2 Bg7 11. h3 Ne5 12. Be3 Qb8 13. Qb3 a5 14. Na4 Nd7 15. Be2 Ba6 16. f4 O-O 17. Bg4 Nf6 18. Bf3 Qxb3 19. axb3 Rab8 20. Nb6 c5 21. e5 Rxb6 22. exf6 Bxf6 23. Bd1 Bxb2 24. Ra2 Bc3+ 25. Bd2 Bb4 26. Bc2 Bb7 27. Rg1 Ra6 28. g4 Rfa8 29. h4 Bc6 30. f5 R8a7 31. h5 Bxd2+ 32. Kxd2 Kg7 33. fxg6 fxg6 34. hxg6 hxg6 35. g5 a4 36. Rb2 axb3 37. Bxb3 Be4 38. Re1 Bf5 39. Re3 Ra1 40. Bd1 Kf7 41. Rf3 R7a2 42. Rxa2 Rxa2+ 43. Kc1 Rg2 44. Re3 Rxg5 45. Kd2 Rg2+ 46. Kc3 Rg1 47. Ba4 Ra1 48. Bb3 Kf6 49. Rf3 e5 50. Rf2 Rc1+ 51. Kb2 Rb1+ 52. Kc3 Rg1 53. Ba4 Rg3+ 54. Kd2 Rd3+ 55. Ke2 Rc3 56. Bb5 Rc2+ 57. Ke3 Rxf2 58. Kxf2 Bd3 59. Ke3 e4 60. Bc6 Bxc4 61. Bxe4 g5 62. Kf3 Ke5 63. Bg6 Be6 64. Bd3 Kd4 65. Be2 c4 66. Kf2 c3 67. Ke1 Ke3 68. Kd1 c2+ 69. Kxc2 Kxe2 70. Kc3 Ke3 71. Kc2 Bg4 72. Kc3 Bf3 73. Kc2 g4 74. Kc3 g3 75. Kc2 g2 76. Kc3 g1=Q 77. Kc4 Qc1+ 78. Kb3 Kd3 79. Kb4 Qb2+ 80. Ka5 Bb7 81. Ka4 Kc4 82. Ka5 Qb5# 0-1

[Event "ch-Frankfurt A"]
[Site "Frankfurt"]
[Date "2023.05.22"]
[Round "4"]
[White "Staeger, Tim"]
[Black "Bonnaire, Ulrich"]
[Result "0-1"]
[WhiteElo "1615"]
[BlackElo "2135"]
[PlyCount "122"]
[EventDate "2023.04.24"]
[EventType "swiss"]
[EventCountry "GER"]

1. d4 d5 2. Nf3 Nf6 3. g3 e6 4. Bg2 c5 5. c4 Nc6 6. cxd5 exd5 7. O-O cxd4 8. Nxd4 Bc5 9. Nb3 Be7 10. Nc3 Be6 11. Bf4 O-O 12. Rc1 Rc8 13. Nb5 Ne4 14. N5d4 Nxd4 15. Nxd4 Qb6 16. Nxe6 Qxe6 17. Qb3 b6 18. Bxe4 Qxe4 19. Qe3 Bc5 20. Qxe4 dxe4 21. Kg2 h6 22. h4 Rfd8 23. Rc4 Bd4 24. Rfc1 Rxc4 25. Rxc4 Bxb2 26. Rxe4 Kf8 27. Kf3 Bd4 28. Bc1 Bc5 29. e3 Rd1 30. Rc4 Ke7 31. Ke2 Rd6 32. Bb2 g6 33. g4 h5 34. g5 Kd7 35. Rf4 Ke8 36. a4 a5 37. Bf6 Re6 38. Rc4 Kd7 39. Kd3 Rd6+ 40. Ke4 Rd2 41. Kf3 Kc6 42. Rf4 Rd7 43. Rc4 b5 44. axb5+ Kxb5 45. Rc2 Bb4 46. Bd4 a4 47. Ke2 a3 48. Kd1 Ka4 49. Kc1 Kb3 50. Kb1 Re7 51. Re2 Re6 52. e4 Ra6 53. Re3+ Kc4 54. Be5 Bd2 55. Rf3 a2+ 56. Ka1 Ra7 57. Rf6 Be1 58. f3 Kd3 59. Rd6+ Ke2 60. f4 Bxh4 61. Bd4 Ra4 0-1

[Event "ch-Frankfurt A"]
[Site "Frankfurt"]
[Date "2023.05.22"]
[Round "4"]
[White "Veenstra, Sander"]
[Black "Ottenburg, Ralph"]
[Result "1/2-1/2"]
[WhiteElo "1905"]
[BlackElo "1936"]
[PlyCount "45"]
[EventDate "2023.04.24"]
[EventType "swiss"]
[EventCountry "GER"]

1. e4 c5 2. Ne2 e6 3. Nbc3 Nc6 4. g3 d5 5. exd5 exd5 6. d4 cxd4 7. Nxd4 Nf6 8. Bg2 Bg4 9. f3 Bh5 10. O-O Be7 11. Be3 O-O 12. Nce2 Bc5 13. c3 Qb6 14. Qb3 Rfe8 15. Qxb6 Bxb6 16. Bf2 Ne5 17. Nf4 Nc4 18. Nxh5 Nxh5 19. b3 Ne3 20. Rfe1 Bxd4 21. cxd4 Nxg2 22. Kxg2 Kf8 23. Rac1 1/2-1/2